Noticias de los arquitectos y arquitectura de España desde su restauración / (Record no. 157834)

MARC details
000 -LEADER
campo de control de longitud fija 01071nam a2200229 i 4500
001 - NÚMERO DE CONTROL
campo de control 157834
003 - IDENTIFICADOR DE NÚMERO DE CONTROL
campo de control ES-MaACL
005 - FECHA Y HORA DE LA ÚLTIMA TRANSACCIÓN
campo de control 20251014063226.0
008 - DATOS DE LONGITUD FIJA--INFORMACIÓN GENERAL
campo de control de longitud fija 931025s1829 sp |||| | spa d
040 ## - FUENTE DE CATALOGACIÓN
Centro catalogador/agencia de origen AS
Lengua de catalogación spa
Centro/agencia transcriptor PAB
100 1# - ENTRADA PRINCIPAL--NOMBRE DE PERSONA
Nombre de persona Llaguno y Amírola, Eugenio,
Fechas asociadas al nombre 1724-1799
9 (RLIN) 72661
245 10 - MENCIÓN DEL TÍTULO
Título Noticias de los arquitectos y arquitectura de España desde su restauración /
Mención de responsabilidad, etc. por Eugenio Llaguno y Amirola ; ilustradas y acrecentadas con notas, adiciones y documentos por Juan Agustín Ceán-Bermudez... ; Tomo I [-Tomo IV].
260 ## - PUBLICACIÓN, DISTRIBUCIÓN, ETC.
Lugar de publicación, distribución, etc. Madrid :
Nombre del editor, distribuidor, etc. Imprenta Real,
Fecha de publicación, distribución, etc. 1829.
300 ## - DESCRIPCIÓN FÍSICA
Extensión 4 v. (XL, 380 ; 416 ; 440 ; 428 p.) ;
Dimensiones 22 cm.
530 ## - NOTA DISPONIBLE DE FORMULARIO FÍSICO ADICIONAL
Nota de formato físico adicional disponible Disponible en formato digital.
650 #4 - PUNTO DE ACCESO ADICIONAL DE MATERIA--TÉRMINO DE MATERIA
Término de materia o nombre geográfico como elemento de entrada Arquitectura española-
Subdivisión de forma Historia.
9 (RLIN) 10020
650 04 - PUNTO DE ACCESO ADICIONAL DE MATERIA--TÉRMINO DE MATERIA
Término de materia o nombre geográfico como elemento de entrada Arquitectos-
Subdivisión geográfica España.
9 (RLIN) 9985
700 1# - ENTRADA AGREGADA--NOMBRE PERSONAL
Nombre de persona Ceán Bermúdez, Juan Agustín,
Fechas asociadas al nombre 1749-1829
9 (RLIN) 145557
852 ## - LOCALIZACIÓN
Ubicación ES-MaACL
Número de control de estantería R-3149-52
Encuadernación Olim:B-1378-81
Nota libre -- Enc. pasta española
856 ## - LOCALIZACIÓN Y ACCESO ELECTRÓNICOS
Identificador Uniforme de Recursos <a href="http://bdh-rd.bne.es/viewer.vm?id=0000013547&page=1 ">http://bdh-rd.bne.es/viewer.vm?id=0000013547&page=1 </a>
Nota pública Biblioteca Digital Hispánica
Holdings
Estatus retirado Estado de pérdida Estado de daño No para préstamo Colección Biblioteca de origen Biblioteca actual Ubicación en estantería Fecha de adquisición Total de préstamos Signatura topográfica completa Código de barras Visto por última vez Precio de reemplazo Tipo de ítem Koha
        Colección digital Biblioteca del Ateneo de Madrid Biblioteca del Ateneo de Madrid Depósito 17/01/2008   R-3149-52 1165176 23/02/2023 23/02/2023 Libro impreso antiguo